| 000 | 00778cam a22002535a 4500 | ||
|---|---|---|---|
| 001 | 015805041 | ||
| 003 | OSt | ||
| 005 | 20170116103853.0 | ||
| 008 | 110317t2012 enka frb 001 0 eng d | ||
| 020 | _a9781850972143 | ||
| 020 | _a1850972141 | ||
| 040 |
_aStDuBDS _beng _cStDuBDS _dUk _dEG-ScBUE |
||
| 082 | 0 | 4 |
_222 _a611.92 _bRAD |
| 100 | 1 | _aRadlanski, Ralf Johannes. | |
| 245 | 1 | 4 |
_aThe face : _bpictorial atlas of clinical anatomy / _cRalf J. Radlanski, Karl H. Wesker. |
| 260 |
_aSurrey : _bQuintessence Publishing, _cc.2012. |
||
| 300 |
_a354 p. : _bill. ; _c31 cm. |
||
| 504 | _aIncludes bibliographical references and index. | ||
| 650 | 0 |
_aFace _xAnatomy _vAtlases. _2BUEsh |
|
| 651 | _2BUEsh | ||
| 653 |
_bDDent _cJanuary2017 |
||
| 700 | 1 | _aWesker, Karl. | |
| 942 | _2ddc | ||
| 999 |
_c23946 _d23918 |
||